Dymaics of Tiger Management in Priority Landscapes (Record no. 248601)

MARC details
000 -LEADER
fixed length control field 00307pam a2200121 a 4500
020 ## - INTERNATIONAL STANDARD BOOK NUMBER
Terms of availability
041 ## - LANGUAGE CODE
Language code of original
100 ## - MAIN ENTRY--PERSONAL NAME
Personal name RAJESH GOPAL.,
Relator term AUTHOR.
245 ## - TITLE STATEMENT
Title Dymaics of Tiger Management in Priority Landscapes
Medium Textual Documents
260 ## - PUBLICATION, DISTRIBUTION, ETC.
Place of publication, distribution, etc. [s.l]:
Name of publisher, distributor, etc. [NATRAJ PUBLISHERS.
300 ## - PHYSICAL DESCRIPTION
Extent 316.
930 ## - EQUIVALENCE OR CROSS-REFERENCE-UNIFORM TITLE HEADING [LOCAL, CANADA]
Uniform title 2750
Holdings
Withdrawn status Lost status Damaged status Not for loan Collection Home library Current library Date acquired Source of acquisition Cost, normal purchase price Total Checkouts Full call number Barcode Date last seen Copy number Price effective from Koha item type
          Institute of Environment Education & Research, Pune Institute of Environment Education & Research, Pune 23/01/2020 THE WORD BOOKSHOP PUNE-1 556.00   EVP-2167 03/04/2023 1 03/04/2023 Book